La naissance des religions : De la phéhistoire aux religions universalistes (notice n° 1568350)
[ vue normale ]
| 000 -LEADER | |
|---|---|
| fixed length control field | 00738cam a2200133 4500500 |
| 005 - DATE AND TIME OF LATEST TRANSACTION | |
| control field | 20251214004239.0 |
| 041 ## - LANGUAGE CODE | |
| Language code of text/sound track or separate title | fre |
| 042 ## - AUTHENTICATION CODE | |
| Authentication code | dc |
| 100 10 - MAIN ENTRY--PERSONAL NAME | |
| Personal name | Lambert, Yves |
| Relator term | author |
| 245 00 - TITLE STATEMENT | |
| Title | La naissance des religions : De la phéhistoire aux religions universalistes |
| 260 ## - PUBLICATION, DISTRIBUTION, ETC. | |
| Name of publisher, distributor, etc. | Armand Colin,<br/> |
| Date of publication, distribution, etc. | 2007.<br/> |
| 520 ## - SUMMARY, ETC. | |
| Summary, etc. | Présentation de l'évolution religieuse de l'humanité dans la logique et la cohérence d'étapes fondamentales qui mènent du chamanisme aux cultes agraires, puis au polythéismes et aux monothéismes. Donne les clés nécessaires pour comprendre le panorama complexe du religieux aujourd'hui. |
| 856 41 - ELECTRONIC LOCATION AND ACCESS | |
| Uniform Resource Identifier | <a href="https://shs.cairn.info/la-naissance-des-religions--9782200263461?lang=fr&redirect-ssocas=7080">https://shs.cairn.info/la-naissance-des-religions--9782200263461?lang=fr&redirect-ssocas=7080</a> |
Pas d'exemplaire disponible.




Réseaux sociaux